000 00278nam a2200097Ia 4500
001 1072734
005 20250827002148.0
008 250824s9999 xx 000 0 und d
245 0 _aBİR DEVLETE ADINI VEREN ATA SELÇUK BEY
_cAHMET HALDUN TERZİOĞLU
260 _bPANAMA YAYINLARI
999 _c1072734
_d1072734